| 000 | 01050nam a22003257a 4500 | ||
|---|---|---|---|
| 003 | CHAP | ||
| 005 | 20220817044517.0 | ||
| 008 | 120308s2009 it r 00010 eng d | ||
| 010 | _a102923 | ||
| 011 | _a103895 | ||
| 020 | _a9789251061954 | ||
| 035 | _a114584 | ||
| 040 | _cCHAP | ||
| 082 | 0 | 4 |
_a639.2 _bF46y v.888 |
| 110 | 2 | _aFAO | |
| 245 | 1 | 0 | _aReport of the expert consultation on best practices for safety at sea in the fisheries sector /por FAO |
| 260 |
_aRoma : _bFAO, _c2009 |
||
| 300 |
_avi, 40 p. : _btablas |
||
| 490 | 0 |
_aFAO. Informe de pesca y acuicultura _v; 888 |
|
| 500 | _aRome, 10-13 November 2008 | ||
| 590 |
_aBATCH-UPD _b10 _c20130110 _lUCH01 _h1056 |
||
| 590 |
_aBATCH-UPD _b10 _c20130410 _lUCH01 _h0651 |
||
| 590 |
_aCONVERSION _b10 _c20130109 _lUCH01 _h1357 |
||
| 650 | 1 | 4 |
_aMedidas de seguridad. _973925 |
| 650 | 1 | 4 | _aPesca. |
| 830 | 1 | 0 |
_aFAO. Informe de pesca y acuicultura _v; 888 _939588 |
| 901 | _aBK | ||
| 942 | _cLIBRO | ||
| 949 |
_a639.2 F46y v.888 _bBC _cFAO _d33724002097504 _eFAO1 _gDonaciØn _h118141 _i114584 _sb |
||
| 999 |
_c102923 _d102923 |
||